Hamlet : macbeth /
Guardado en:
| Autor Principal: | |
|---|---|
| Formato: | Libro |
| Publicado: |
Barcelona :
Sol 90,
2000
|
| Series: | Biblioteca de literatura universal
|
| Materias: | |
| Etiquetas: |
Agregar Etiqueta
Sin Etiquetas, Sea el primero en etiquetar este registro!
|
| LEADER | 00629nam a22002295a 4500 | ||
|---|---|---|---|
| 001 | CEM.cems011004 | ||
| 005 | 20081010090638.0 | ||
| 008 | 130507s2000##################000#0#####d | ||
| 003 | CEMS | ||
| 020 | |a 8493110043 | ||
| 082 | 0 | 4 | |a 822.3 |
| 100 | 1 | |a Shakespeare, William | |
| 245 | 1 | 0 | |a Hamlet : |b macbeth / |c William Shakespeare |
| 260 | |a Barcelona : |b Sol 90, |c 2000 | ||
| 300 | |a 191 p. | ||
| 490 | 0 | |a Biblioteca de literatura universal | |
| 505 | 0 | |a Macbeth. | |
| 653 | |a Literatura | ||
| 653 | |a Literatura inglesa | ||
| 653 | |a Teatro | ||
| 653 | |a Teatro inglés | ||
| 859 | |a CEMS |b BIB. CEMS - 11 de abril |h 822.3 |i SH14-8 |p 8496.80 |t Ej.1 | ||
